000 00632nam a22002057a 4500
005 20251108165501.0
008 250721s1992 xx 000 0 ara d
082 1 4 _aم/031.1/اعظ
100 1 _aالأعظمي، وليد
245 1 0 _aالسيف اليماني في نحر الأصفهاني صاحب الأغاني /
250 _aط3
264 1 _aالمنصوره :
_bدار الوفاء للطباعة و النشر و التوزيع،
_c1992.
300 _a272ص
650 1 7 _aالموسوعات
650 1 7 _aالتاريخ
650 1 7 _aالنقد
650 1 7 _aالكتب
942 _2ddc
_cREF
999 _c29017
_d29017